000 00720nam a2200229 i 4500
001 148022
003 ES-MaACL
005 20251017063105.0
007 t|
008 070214s1935 sp |||| | spa d
080 _a159.923
080 _a17(04)
100 1 _aSpranger, Eduard,
_d1882-1963
_9107790
245 1 0 _aFormas de vida
_b: psicología y ética de la personalidad /
_cEduard Spranger ; traducción de Ramón de la Serna.
260 _aMadrid :
_bRevista de Occidente,
_c1935.
300 _a469 p. ;
_c23 cm.
650 0 4 _aIndividualidad.
_913707
650 7 _aÉtica
_2embne
_912577
700 1 _aSerna y Espina, Ramón de la.
_9105587
852 _aES-MaACL
_jA-3260
999 _c148022
_d148022